000 01026cam a22003257a 4500
003 CHAP
005 20220329133518.0
008 971013s1983 r 00010 d
010 _a7239
011 _a8211
035 _a7436
040 _cCHAP
082 _a546.661
_bS5
100 0 0 _aSigel, Helmut.
_9105903
245 0 _aZinc and its role in biology and nutrition
260 _aNew York :
_bMarcel Dekker,
_c1983
300 _a493 p.
_b: ilus.
490 0 _aMetal ions in biological systems
_v; v.15
590 _aBATCH-UPD
_b10
_c20130110
_lUCH01
_h1756
590 _aBATCH-UPD
_b10
_c20130410
_lUCH01
_h1133
590 _aBATCH-UPD
_b10
_c20130914
_lUCH01
_h0112
590 _aCONVERSION
_b10
_c20130109
_lUCH01
_h1305
650 1 4 _aAlimentación parenteral.
_94111
650 1 4 _aNutrición.
_982246
650 1 4 _aZinc.
_9124054
830 0 _aMetal ions in biological systems
_v; v.15
_975161
901 _aBK
942 _cLIBRO
949 _a546.661 S5
_bBC
_cLIBRO
_d33724000391918
_eLIBRO
_gI.167974
_h83926
_i7436
_si
_t672.00
999 _c7239
_d7239